Stemmi Squadre Vincitrici UEFA Europa League - Morte improvvisa - Statistics

Statistiche generali
  • Questo quiz è stato fatto 437 volte
    61 dall'ultimo reset
  • Il punteggio medio è 5 su 30
Answers on the Grid
Answers color-coded by a green-red scale on the quiz's grid according to % correct below.
 
Statistiche sulle risposte
Risposta % Corretto
32%
29%
26%
26%
23%
19%
19%
19%
19%
19%
16%
16%
16%
16%
13%
13%
13%
13%
13%
13%
13%
13%
10%
10%
10%
10%
6%
6%
6%
6%
Nessun quiz corrispondente trovato
Distribuzione punteggi
Percentuale di utenti per punteggio
Percentile per numero di risposta
I tuoi punteggi nel tempo
Non hai fatto questo quiz dall'ultimo reset